| 000 | 00766nam a22002057a 4500 | ||
|---|---|---|---|
| 999 |
_c16110 _d16110 |
||
| 003 | AR-CdUCM | ||
| 008 | 190502b ||||| |||| 00| 0 spa d | ||
| 040 |
_aMUNICIPALIDAD PROVINCIAL DEL CUSCO _cBIBLIOTECA MUNICIPAL DEL CUSCO |
||
| 082 |
_a982.021 / _bG643 |
||
| 100 |
_aGonzalez, Julio V. _935392 |
||
| 245 | _aHistoria Argentina / | ||
| 260 |
_aArgentina : _bFondo de cultura económica, _c1957. |
||
| 300 |
_a207 páginas ; _c22 cm. |
||
| 505 | _aContenido: Las puerta de la tierra -- La fundación colonial -- Formación territorial -- Mapa étnico -- La apropiación de la tierra... | ||
| 650 |
_aTerritorio étnico _935393 |
||
| 650 |
_aArgentina _9511 |
||
| 650 |
_aInicio económico argentino _935394 |
||
| 942 |
_2ddc _cLIBROS |
||
| 945 |
_adavv _d02/05/2019 |
||